000 00740nam a2200277Ia 4500
008 170203s9999 xx 000 0 und d
020 _a9789812745040
050 _aFic
050 _bA374d
100 _aAlexander, Adrian.
245 _aDrip, drip, drip! /
245 _cwritten and illustrated by Adrian Alexander.
260 _aSingapore :
260 _bTeachers@work,
300 _a24 pages :
300 _bcolor illustrations ;
300 _c21 cm.
440 _aShapeys life skills readers,
440 _vlevel 2, bk. C.
650 _aDecision making --
650 _aDecision making.
650 _aJudgment --
650 _aJudgment.
650 _xJuvenile literature.
650 _xJuvenile literature.
999 _c306359
_d306359